000 00157nam a22000857a 4500
082 _a823
100 _aSHILPI AND DEEPTHI
245 _aTHE BLUE BIRD
942 _cBK
999 _c8269
_d8269